| 000 | 00445cam7a220018100 4500 | ||
|---|---|---|---|
| 001 | tmp15760348 | ||
| 003 | UPRA | ||
| 005 | 20190819092822.0 | ||
| 008 | 951023s1973 xx fre u | ||
| 035 | _a(Sirsi) r42581 | ||
| 035 | _a(UPRA)tmp15760348 | ||
| 040 | _cUPRA | ||
| 100 | 1 |
_aMemmi, Albert. _6A70402.1 |
|
| 245 | 1 | 0 | _aProtrait du colomise. |
| 260 | _c1973. | ||
| 949 |
_aDT33 _wlcc _i-52020 _mMAIN _p2500 _tBOOK _lON-SHELF |
||
| 004 | 42581 | ||
| 999 |
_c97406 _d97407 |
||